000
00219nam a22000857a 4500
008
161104b xxu||||| |||| 00| 0 eng d
100
_9
1039
_a
MISRA R. R
245
_a
Secondary Chemistry for us X
260
_b
Arya company
_c
2008
999
_c
3695
_d
3695